书目信息 |
| 题名: |
生命科学史
|
|
| 作者: | 玛格纳 , Magner 著 ;李难 , 崔极谦 , 王水平 译 | |
| 分册: | ||
| 出版信息: | 天津 百花文艺出版社 2002 |
|
| 页数: | 14,736页 | |
| 开本: | 21cm | |
| 丛书名: | ||
| 单 册: | ||
| 中图分类: | Q1-0 | |
| 科图分类: | ||
| 主题词: | 生命科学--生物学史 , 生命科学 , 生物学史 | |
| 电子资源: | ||
| ISBN: | 7-5306-3203-5 | |
| 000 | 01421nam0 2200349 45 | |
| 001 | 012007640803 | |
| 005 | 20070515113614.79 | |
| 010 | @a7-5306-3203-5@dCNY35.00 | |
| 100 | @a20070424d2002 km y0chiy0120 ea | |
| 101 | 1 | @achi@ceng |
| 102 | @aCN@b120000 | |
| 105 | @aa z 001yd | |
| 106 | @ar | |
| 200 | 1 | @a生命科学史@Asheng ming ke xue shi@f(美)洛伊斯·N.玛格纳(Lois N.Magner)著@g李难,崔极谦,王水平译@Gli nan,cui ji qian,wang shui ping yi |
| 210 | @a天津@c百花文艺出版社@d2002 | |
| 215 | @a14,736页@c照片@d21cm | |
| 306 | @aMarcel Dekker, Inc., 270Madison Avenue, New York授权出版 | |
| 314 | @a李难(1937~),上海大学教授,江苏太仓人,历任上海大学科学哲学和科学史研究中心主任等,著有《进化论教程》等。 | |
| 314 | @a洛伊斯·N.玛格纳(女,Lois N.Magner),美国学者,美国普渡大学教授,从事医学史、科学史的教学和研究,著有《生命科学史》等。 | |
| 330 | @a本书生动地描绘了生命科学起源和发展的过程,介绍了生物学的起源、古希腊的科学与哲学、文艺复兴时期的科学革命,以及解剖学等的产生的发展。 | |
| 510 | 1 | @aHistory of the life sciences@zeng |
| 606 | 0 | @a生命科学@x生物学史 |
| 606 | 0 | @a生命科学 |
| 606 | 0 | @a生物学史 |
| 690 | @aQ1-0@v4 | |
| 701 | 1 | @c(美)@a玛格纳@Ama ge na@b洛伊斯·N.@4著 |
| 701 | 1 | @c(美)@aMagner@bLois N.@4著 |
| 702 | 0 | @a李难@Ali nan@4译 |
| 702 | 0 | @a崔极谦@Acui ji qian@4译 |
| 702 | 0 | @a王水平@Awang shui ping@4译 |
| 801 | 0 | @aCN@bRULIN@c20070515 |
| 905 | @dQ1-0@e111@s5 | |
| 生命科学史/(美)洛伊斯·N.玛格纳(Lois N.Magner)著/李难,崔极谦,王水平译.-天津:百花文艺出版社,2002 |
| 14,736页:照片;21cm |
| ISBN 7-5306-3203-5:CNY35.00 |
| 本书生动地描绘了生命科学起源和发展的过程,介绍了生物学的起源、古希腊的科学与哲学、文艺复兴时期的科学革命,以及解剖学等的产生的发展。 |
| ● |
| 相关链接 |
|
|
|
|
正题名:生命科学史
索取号:Q1-0/111
 
预约/预借
| 序号 | 登录号 | 条形码 | 馆藏地/架位号 | 状态 | 备注 |
| 1 | 0570676 | 205706761 | 第二样本阅览室/ [索取号:Q1-0/111] | 在馆 | |
| 2 | 0570677 | 205706770 | 第三借阅区/ [索取号:Q1-0/111] | 在馆 | |
| 3 | 0570678 | 205706789 | 第三借阅区/ [索取号:Q1-0/111] | 在馆 | |
| 4 | 0570679 | 205706798 | 第三借阅区/ [索取号:Q1-0/111] | 在馆 | |
| 5 | 0570680 | 205706805 | 第三借阅区/ [索取号:Q1-0/111] | 在馆 |